[Event "Lvov Buturina Memorial 3rd"]
[Site "Lvov"]
[Date "2023.11.16"]
[Round "1"]
[White "Mishchuk, Marian"]
[Black "Mosesov, Danylo"]
[Result "0-1"]
[WhiteElo "1586"]
[BlackElo "2453"]
[PlyCount "70"]
[EventDate "2023.11.16"]
[EventType "swiss"]
[EventRounds "9"]
[EventCountry "UKR"]
[SourceTitle "CB49_2023"]
[SourceDate "2023.12.06"]
[SourceVersion "1"]
[SourceVersionDate "2023.12.06"]
[SourceQuality "1"]

1. e4 c5 2. Nf3 e6 3. d4 cxd4 4. Nxd4 Nc6 5. Be2 Nf6 6. Bf3 Qc7 7. 0-0 a6 8. Bg5 Be7 9. Nc3 0-0 10. Re1 Ne5 11. Be2 h6 12. Be3 d6 13. f4 Ng6 14. Bf3 e5 15. Nde2 b5 16. f5 Nh4 17. Nd5 Nxd5 18. Qxd5 Bb7 19. Qd3 d5 20. Ng3 Rad8 21. Bd1 dxe4 22. Qe2 Bc5 23. Qg4 Bxe3+ 24. Rxe3 Qb6 25. Nf1 Qf6 26. Ng3 Rd2 27. Be2 Qb6 28. Nf1 Nxf5 29. Qxf5 Rxe2 30. Qh3 Bc8 31. Qg3 f5 32. Kh1 f4 33. Rxe2 fxg3 34. Nxg3 Rf2 35. Rxf2 Qxf2 0-1

[Event "Morshyn All Ukranian 1st"]
[Site "Morshyn"]
[Date "2023.07.08"]
[Round "1"]
[White "Mishchuk, Marian"]
[Black "Kislinsky, Alexey"]
[Result "0-1"]
[WhiteElo "1486"]
[BlackElo "2360"]
[PlyCount "76"]
[EventDate "2023.07.08"]
[EventType "swiss (rapid)"]
[EventRounds "9"]
[EventCountry "UKR"]
[SourceTitle "CBM 215 Extra"]
[Source "ChessBase"]
[SourceDate "2023.09.30"]
[SourceVersion "1"]
[SourceVersionDate "2023.09.30"]
[SourceQuality "1"]

1. e4 c5 2. Nf3 Nc6 3. d4 cxd4 4. Nxd4 g6 5. Nc3 Bg7 6. Be3 Nf6 7. Nb3 0-0 8. Bc4 d6 9. 0-0 Bg4 10. f3 Bd7 11. Kh1 Rc8 12. a4 Na5 13. Be2 Nxb3 14. cxb3 Qa5 15. Qd2 Rfe8 16. Rfd1 a6 17. Bd4 Be6 18. Ra3 Nd7 19. Bxg7 Kxg7 20. Qd4+ Qe5 21. Qxe5+ Nxe5 22. f4 Nc6 23. Bc4 Nb4 24. Bxe6 fxe6 25. Raa1 Rf8 26. g3 g5 27. Ne2 gxf4 28. Nxf4 Kf6 29. e5+ dxe5 30. Ne2 Rc2 31. Nc3 Kg6 32. Ne4 Rxb2 33. Rd7 Nd5 34. Rxb7 Re2 35. Nc5 Rff2 36. Nxe6 Rxh2+ 37. Kg1 Reg2+ 38. Kf1 Ne3+ 0-1